La divina Mímesis

Salvato in:
Dettagli Bibliografici
Autore principale: Pasolini, Pier Paolo (autor)
Natura: Libro
Lingua:spagnolo
Pubblicazione: Buenos Aires El Cuenco de Plata 2011
Edizione:1a. ed
Soggetti:
Tags: Aggiungi Tag
Nessun Tag, puoi essere il primo ad aggiungerne!!

MARC

LEADER 00000cam a2200000 a 4500
001 UCE0027
003 CL-VaPUC
008 131227e20110000ag |||||||||||||||||spa|d
020 |a 9789871772131 
082 0 4 |a 850.92  |b PAS  |2 21 
100 |a Pasolini, Pier Paolo  |e autor  |9 880852 
245 1 3 |a La divina Mímesis 
250 |a 1a. ed 
300 |a 108 p 
942 |c BK 
945 |d 20131227 10:32:00  |a dcastane 
260 |a Buenos Aires  |b El Cuenco de Plata  |c 2011 
650 0 |a Literatura italiana  |9 266970 
650 7 |a POESIA ITALIANA  |2 CL-VaPUC  |9 336930 
583 |a last modification  |c 20131227 10:32:00  |k Rodrigo Vera 
999 |c 354348  |d 354346 
952 |0 0  |1 0  |3 erb  |4 0  |6 850_920000000000000_PAS_2011  |7 0  |8 A  |9 460136  |a BIBART  |b BIBART  |i 5037174  |l 1  |o 850.92 PAS 2011  |p 5037174  |r 2025-03-13  |s 2023-08-23  |w 2019-11-23  |y BK  |z Catalogado en:20131227  |k ART